Top 15 landen met Covid-19 sterfgevallen - 7 juni - Statistieken

Algemene statistieken
  • Deze quiz is 3 keer genomen
  • De gemiddelde score is 14 van 20
Antwoordstatistieken
land % Correct
België
100%
Brazilië
100%
Duitsland
100%
Italië
100%
Mexico
100%
Rusland
100%
Spanje
100%
Verenigde Staten
100%
Verenigd Koninkrijk
100%
Zweden
100%
Frankrijk
67%
Ierland
67%
India
67%
Nederland
67%
Peru
67%
Canada
33%
Portugal
33%
Zwitserland
33%
Ecuador
0%
Iran
0%
Geen overeenkomende quizzen gevonden
Scoreverdeling
Procent van Mensen met Elke Score
Percentiel versus Aantal Correcte Antwoorden
Uw Scoregeschiedenis
U heeft deze quiz nog niet genomen